[Event "Regionalliga NW 0405"]
[Site "Bayern"]
[Date "2005.04.10"]
[Round "9.8"]
[White "Franz, Siegfried"]
[Black "Neuberg, Hans Gerhard"]
[Result "1/2-1/2"]
[WhiteElo "1716"]
[BlackElo "1918"]
[PlyCount "29"]
[EventDate "2004.10.24"]
[EventType "team-tourn"]
[EventRounds "9"]
[EventCountry "GER"]
[SourceTitle "EXT 2007"]
[Source "ChessBase"]
[SourceDate "2006.11.23"]
[SourceVersion "1"]
[SourceVersionDate "2006.11.23"]
[SourceQuality "1"]
[WhiteTeam "Nordhalben"]
[BlackTeam "Kronach"]
[WhiteTeamCountry "GER"]
[BlackTeamCountry "GER"]

1. e4 e5 2. Nf3 Nc6 3. Bb5 a6 4. Ba4 Nf6 5. 0-0 b5 6. Bb3 Be7 7. Re1 0-0 8. c3 Bb7 9. d3 d6 10. Nbd2 Na5 11. Bc2 c5 12. Nf1 Nc6 13. Ng3 g6 14. h3 Ne8 15. Bb3 1/2-1/2

[Event "Regionalliga NW 0405"]
[Site "Bayern"]
[Date "2004.11.14"]
[Round "2.8"]
[White "Mueller, Helmut2222"]
[Black "Franz, Siegfried"]
[Result "1/2-1/2"]
[WhiteElo "1867"]
[BlackElo "1716"]
[PlyCount "26"]
[EventDate "2004.10.24"]
[EventType "team-tourn"]
[EventRounds "9"]
[EventCountry "GER"]
[SourceTitle "EXT 2007"]
[Source "ChessBase"]
[SourceDate "2006.11.23"]
[SourceVersion "1"]
[SourceVersionDate "2006.11.23"]
[SourceQuality "1"]
[WhiteTeam "Coburg"]
[BlackTeam "Nordhalben"]
[WhiteTeamCountry "GER"]
[BlackTeamCountry "GER"]

1. c4 Nf6 2. Nc3 c5 3. g3 Nc6 4. Bg2 g6 5. Nf3 Bg7 6. 0-0 0-0 7. d3 d5 8. cxd5 Nxd5 9. Bd2 e6 10. a3 b6 11. Rc1 Bb7 12. e4 Nxc3 13. Bxc3 Nd4 1/2-1/2

[Event "Wch Seniors 12th"]
[Site "Naumburg"]
[Date "2002.10.29"]
[Round "7"]
[White "Gudat, Alfons"]
[Black "Franz, Siegfried"]
[Result "1-0"]
[WhiteElo "2054"]
[BlackElo "1794"]
[PlyCount "45"]
[EventDate "2002.10.21"]
[EventType "swiss"]
[EventRounds "11"]
[EventCountry "GER"]
[SourceTitle "EXT 2006"]
[Source "ChessBase"]
[SourceDate "2005.11.24"]
[SourceVersion "1"]
[SourceVersionDate "2005.11.24"]
[SourceQuality "1"]

1. e4 c5 2. Nf3 d6 3. Bb5+ Bd7 4. a4 a6 5. Bc4 Nc6 6. 0-0 Nf6 7. Re1 e6 8. c3 Be7 9. d4 cxd4 10. cxd4 Na5 11. Bd3 Rc8 12. Nc3 0-0 13. Bg5 h6 14. Bh4 g5 15. Bg3 Nh5 16. Rc1 Nxg3 17. hxg3 Qb6 18. e5 Kg7 19. Bb1 Rc4 20. Qd3 Rh8 21. d5 Rc5 22. exd6 Bf6 23. dxe6 1-0

[Event "Wch Seniors 12th"]
[Site "Naumburg"]
[Date "2002.10.28"]
[Round "6"]
[White "Franz, Siegfried"]
[Black "Will, Michael"]
[Result "0-1"]
[WhiteElo "1794"]
[BlackElo "2077"]
[PlyCount "58"]
[EventDate "2002.10.21"]
[EventType "swiss"]
[EventRounds "11"]
[EventCountry "GER"]
[SourceTitle "EXT 2006"]
[Source "ChessBase"]
[SourceDate "2005.11.24"]
[SourceVersion "1"]
[SourceVersionDate "2005.11.24"]
[SourceQuality "1"]

1. e4 c6 2. Nc3 g6 3. d4 d5 4. exd5 cxd5 5. Nf3 Nf6 6. Bd3 Bg7 7. 0-0 0-0 8. Bf4 a6 9. Qd2 Nc6 10. h3 Nb4 11. Be2 Nc6 12. Rfd1 Bf5 13. Ne5 Rc8 14. Kh1 Nxe5 15. Bxe5 Qd7 16. f3 Rc6 17. Rdc1 Rfc8 18. Bd3 Bxh3 19. Bxf6 Rxf6 20. Nxd5 Qxd5 21. Be4 Qh5 22. gxh3 Bh6 23. Qg2 Bxc1 24. Rxc1 Rd8 25. c3 b6 26. Re1 Re6 27. Rf1 Qh4 28. f4 Rf6 29. f5 Kh8 0-1

[Event "Wch Seniors 12th"]
[Site "Naumburg"]
[Date "2002.10.23"]
[Round "3"]
[White "Werl, Wolfgang"]
[Black "Franz, Siegfried"]
[Result "1/2-1/2"]
[WhiteElo "2088"]
[BlackElo "1794"]
[PlyCount "34"]
[EventDate "2002.10.21"]
[EventType "swiss"]
[EventRounds "11"]
[EventCountry "GER"]
[SourceTitle "EXT 2006"]
[Source "ChessBase"]
[SourceDate "2005.11.24"]
[SourceVersion "1"]
[SourceVersionDate "2005.11.24"]
[SourceQuality "1"]

1. d4 Nf6 2. Nc3 g6 3. e4 d6 4. Nf3 Bg7 5. Bg5 h6 6. Bxf6 Bxf6 7. Bd3 Nd7 8. Nd5 Bg7 9. c3 c6 10. Ne3 e5 11. Nc4 Qe7 12. dxe5 dxe5 13. Bc2 0-0 14. 0-0 Rd8 15. Nd6 Nc5 16. Nxc8 Raxc8 17. Qe2 Rd6 1/2-1/2

[Event "Wch Seniors 12th"]
[Site "Naumburg"]
[Date "2002.10.21"]
[Round "1"]
[White "Appelt, Gerd"]
[Black "Franz, Siegfried"]
[Result "1-0"]
[WhiteElo "2242"]
[BlackElo "1794"]
[PlyCount "59"]
[EventDate "2002.10.21"]
[EventType "swiss"]
[EventRounds "11"]
[EventCountry "GER"]
[SourceTitle "EXT 2006"]
[Source "ChessBase"]
[SourceDate "2005.11.24"]
[SourceVersion "1"]
[SourceVersionDate "2005.11.24"]
[SourceQuality "1"]

1. d4 Nf6 2. c4 g6 3. Nc3 Bg7 4. e4 d6 5. Be2 0-0 6. Bg5 h6 7. Be3 Nbd7 8. Qd2 Kh7 9. f3 e5 10. d5 a6 11. a4 Rh8 12. h4 Kg8 13. Bd3 Nc5 14. Bc2 Bd7 15. b4 Ne6 16. dxe6 Bxe6 17. Nd5 Qd7 18. Ne2 Rd8 19. 0-0-0 Ne8 20. h5 g5 21. Ng3 Kf8 22. Qc3 Qc8 23. Rd2 b6 24. Rhd1 Qb8 25. Bb3 Rd7 26. c5 Kg8 27. Kb1 bxc5 28. bxc5 Kh7 29. Rb2 Qd8 30. c6 1-0

[Event "Bayern-ch Seniors 11th"]
[Site "Schloss Schney"]
[Date "1999.??.??"]
[Round "2"]
[White "Franz, Siegfried"]
[Black "Braeu, Ludwig"]
[Result "1/2-1/2"]
[WhiteElo "1835"]
[BlackElo "1680"]
[PlyCount "66"]
[EventDate "1999.11.??"]
[EventType "swiss"]
[EventRounds "9"]
[EventCountry "GER"]
[SourceTitle "EXT 2002"]
[Source "ChessBase"]
[SourceDate "2001.11.25"]
[SourceVersion "1"]
[SourceVersionDate "2001.11.25"]
[SourceQuality "1"]

1. e4 c5 2. Nf3 Nc6 3. d4 cxd4 4. Nxd4 g6 5. Nc3 Bg7 6. Be3 Nf6 7. Bc4 Qa5 8. Nb3 Qc7 9. 0-0 d6 10. h3 Ne5 11. Be2 Bd7 12. Nb5 Qd8 13. f3 a6 14. Na3 b5 15. c3 Rc8 16. Qd2 0-0 17. Nd4 d5 18. Bf4 Nc4 19. Nxc4 dxc4 20. Nc2 Qb6+ 21. Be3 Qb7 22. Rad1 Rfd8 23. Qe1 Bc6 24. Nb4 a5 25. Nxc6 Qxc6 26. Qf2 b4 27. Rxd8+ Rxd8 28. Rd1 Rxd1+ 29. Bxd1 bxc3 30. bxc3 Ne8 31. Qb2 f5 32. exf5 gxf5 33. Qa3 Qd6 1/2-1/2

[Event "Bayern-ch Seniors 11th"]
[Site "Schloss Schney"]
[Date "1999.??.??"]
[Round "7"]
[White "Franz, Siegfried"]
[Black "Groenegress, Wilfried"]
[Result "1-0"]
[WhiteElo "1835"]
[BlackElo "2107"]
[PlyCount "85"]
[EventDate "1999.11.??"]
[EventType "swiss"]
[EventRounds "9"]
[EventCountry "GER"]
[SourceTitle "EXT 2002"]
[Source "ChessBase"]
[SourceDate "2001.11.25"]
[SourceVersion "1"]
[SourceVersionDate "2001.11.25"]
[SourceQuality "1"]

1. e4 c5 2. Nf3 e6 3. d3 Nc6 4. g3 g6 5. Bg2 Bg7 6. 0-0 Nge7 7. c3 0-0 8. Be3 b6 9. Nbd2 d5 10. d4 cxd4 11. Nxd4 Nxd4 12. Bxd4 Bxd4 13. cxd4 dxe4 14. Nxe4 Nd5 15. h4 Bb7 16. Qd2 Kg7 17. Rac1 Qe7 18. Nc3 Rfd8 19. Nb5 Rd7 20. Bxd5 Bxd5 21. b3 a6 22. Nc3 Bb7 23. Qe3 Qf6 24. Rfd1 Rad8 25. Na4 Rd6 26. Rd2 Qf5 27. Kh2 e5 28. d5 Rxd5 29. Rxd5 Rxd5 30. Nxb6 Rd3 31. Qe2 Bf3 32. Qe1 g5 33. Nc4 e4 34. Ne3 Qe6 35. Rc5 gxh4 36. Qa1+ Kg6 37. Qh8 hxg3+ 38. Kxg3 f6 39. Nf5 Rd7 40. Nh4+ Kh6 41. Nf5+ Kg6 42. Qf8 Qxf5 43. Qe8+ 1-0

[Event "Bayern-ch Seniors 11th"]
[Site "Schloss Schney"]
[Date "1999.??.??"]
[Round "5"]
[White "Franz, Siegfried"]
[Black "Kotzem, Ernst"]
[Result "0-1"]
[WhiteElo "1835"]
[BlackElo "1915"]
[PlyCount "44"]
[EventDate "1999.11.??"]
[EventType "swiss"]
[EventRounds "9"]
[EventCountry "GER"]
[SourceTitle "EXT 2002"]
[Source "ChessBase"]
[SourceDate "2001.11.25"]
[SourceVersion "1"]
[SourceVersionDate "2001.11.25"]
[SourceQuality "1"]

1. e4 e5 2. Nf3 Nc6 3. Bb5 a6 4. Ba4 Nf6 5. 0-0 b5 6. Bb3 Be7 7. Re1 0-0 8. c3 d5 9. exd5 Nxd5 10. Nxe5 Nxe5 11. Rxe5 Nf6 12. d4 Bd6 13. Re1 Ng4 14. h3 Qh4 15. Be3 Bh2+ 16. Kf1 Nxe3+ 17. Rxe3 Bf4 18. Rf3 Qh6 19. Qd3 Bb7 20. d5 Rad8 21. Qf5 Bc1 22. d6 Rxd6 0-1